What's the big idea, Ben Franklin? / (Record no. 2202)

MARC details
000 -LEADER
fixed length control field 01214pam a2200361 i 4500
001 - CONTROL NUMBER
control field 2202
003 - CONTROL NUMBER IDENTIFIER
control field FISKH
005 - DATE AND TIME OF LATEST TRANSACTION
control field 20231110155321.0
008 - FIXED-LENGTH DATA ELEMENTS--GENERAL INFORMATION
fixed length control field 750804s1976 nyua j 000 0beng
010 ## - LIBRARY OF CONGRESS CONTROL NUMBER
LC control number 75025902
020 ## - INTERNATIONAL STANDARD BOOK NUMBER
International Standard Book Number 0698203658 :
020 ## - INTERNATIONAL STANDARD BOOK NUMBER
International Standard Book Number 9780590412056
020 ## - INTERNATIONAL STANDARD BOOK NUMBER
International Standard Book Number 0698306171 (lib. bdg.)
040 ## - CATALOGING SOURCE
Original cataloging agency DLC
Language of cataloging eng
Transcribing agency DLC
Modifying agency DLC
042 ## - AUTHENTICATION CODE
Authentication code lcac
050 00 - LIBRARY OF CONGRESS CALL NUMBER
Classification number E302.6.F8
Item number F88 1976
082 00 - DEWEY DECIMAL CLASSIFICATION NUMBER
Classification number 973.3/092/4
-- B
-- 92
100 1# - MAIN ENTRY--PERSONAL NAME
Personal name Fritz, Jean.
245 10 - TITLE STATEMENT
Title What's the big idea, Ben Franklin? /
Statement of responsibility, etc. By Jean Fritz ; illustrated by Margot Tomes.
250 ## - EDITION STATEMENT
Edition statement 2009 Scholastic edition
260 ## - PUBLICATION, DISTRIBUTION, ETC.
Place of publication, distribution, etc. New York :
Name of publisher, distributor, etc. Scholastic,
Date of publication, distribution, etc. 1976.
300 ## - PHYSICAL DESCRIPTION
Extent 46 pages :
Other physical details illustrations ;
Dimensions 20 cm
505 ## - FORMATTED CONTENTS NOTE
Formatted contents note W<br/>
520 ## - SUMMARY, ETC.
Summary, etc. A brief biography of the eighteenth-century printer, inventor, and statesman who played an influential role in the early history of the United States.
521 8# - TARGET AUDIENCE NOTE
Target audience note 830<br/>
Source Lexile<br/>
521 8# - TARGET AUDIENCE NOTE
Target audience note W<br/>
Source Raz-Plus<br/>
600 10 - SUBJECT ADDED ENTRY--PERSONAL NAME
Personal name Franklin, Benjamin,
Dates associated with a name 1706-1790
Form subdivision Juvenile literature.
600 11 - SUBJECT ADDED ENTRY--PERSONAL NAME
Personal name Franklin, Benjamin,
Dates associated with a name 1706-1790.
650 #1 - SUBJECT ADDED ENTRY--TOPICAL TERM
Topical term or geographic name entry element Statesmen.
700 1# - ADDED ENTRY--PERSONAL NAME
Personal name Tomes, Margot.
Relator term illustrator
906 ## - LOCAL DATA ELEMENT F, LDF (RLIN)
a 7
b cbc
c orignew
d 1
e ocip
f 19
g y-gencatlg
942 ## - ADDED ENTRY ELEMENTS (KOHA)
Source of classification or shelving scheme Dewey Decimal Classification
Koha item type Books
Suppress in OPAC No
Holdings
Withdrawn status Lost status Source of classification or shelving scheme Damaged status Not for loan Collection Home library Current library Shelving location Date acquired Total Checkouts Full call number Barcode Date last seen Copy number Price effective from Koha item type
    Dewey Decimal Classification     Non-Fiction Footprints International School Library Network Toul Kork Campus Footprints International School Library Network Toul Kork Campus A TK Campus, 4th Floor, Room B401, Non-Fiction Bookcases(7-8) 11/10/2023   FRI 973.3092 E302.F8 FISTK00383 11/10/2023 1 11/10/2023 Books
    Dewey Decimal Classification     Non-Fiction Footprints International School Library Network Toul Kork Campus Footprints International School Library Network Toul Kork Campus TTP Secondary Non-Fiction Bookshelves 11/10/2023   FRI 973.3092 E302.F8 FIS03023 03/13/2024 2 11/10/2023 Books